000 01192nam a2200253 a 4500
001 BRCA_1357
005 20190320203405.0
008 980109s1998 nyua---##b---#001-0#eng-#
020 _a0810913968
050 4 _aNK535.C6
_b.E98 1998
245 1 0 _aThe Extraordinary in the Ordinary
_bTextiles and Objects from the Collections of Lloyd Cotsen and the Neutrogena Corporation : works in Cloth, Ceramic, Wood, Metal, Straw, and Paper from Cultures throughout the World
_cedited by Mary Hunt Kahlenberg ; photography by Pat Pollard.
260 _aNueva York
_bHarry Abrams: Museum of International Folk Art, Museum of New Mexico
_c1998.
300 _a280 p.
_bil. a color
_c31 cm.
500 _aIncluye índice de ilustraciones
504 _aBibliografía: p. [268]-272.
600 1 4 _aCotsen, Lloyd E.
_xColecciones de arte
_94436
610 2 4 _aNeutrogena Corporation
_xColecciones de arte
_94437
610 2 4 _aMuseum of International Folk Art (N.M.)
_vExposiciones
_94438
650 1 4 _aArtes decorativas
_xExposiciones.
_94439
650 1 4 _aArtes decorativas
_xColecciones privadas
_zNuevo México
_94440
700 1 _aKahlenberg, Mary Hunt
_94441
700 1 _aPollard, Pat
_94442
942 _2lcc
_cB
999 _c1219
_d1219